L'accès à l'e-gouvernement : les obstacles pour les citoyens et les organisations (notice n° 1582069)

détails MARC
000 -LEADER
fixed length control field 02892cam a2200205 4500500
005 - DATE AND TIME OF LATEST TRANSACTION
control field 20251228051713.0
041 ## - LANGUAGE CODE
Language code of text/sound track or separate title fre
042 ## - AUTHENTICATION CODE
Authentication code dc
100 10 - MAIN ENTRY--PERSONAL NAME
Personal name Dugdale, Anni
Relator term author
245 00 - TITLE STATEMENT
Title L'accès à l'e-gouvernement : les obstacles pour les citoyens et les organisations
260 ## - PUBLICATION, DISTRIBUTION, ETC.
Date of publication, distribution, etc. 2005.<br/>
500 ## - GENERAL NOTE
General note 75
520 ## - SUMMARY, ETC.
Summary, etc. RésuméL’Internet fait désormais partie des administrations et de leur mode d’offrir des services. Cela implique de s’interroger sur le fossé numérique. En Australie, comme il est démontré dans cet article, les citoyens qui sont les plus grands utilisateurs des services publics sont ceux qui sont les moins susceptibles d’être connectés à Internet. Qu’est-ce qui peut être fait pour connecter ceux qui ne le sont pas? L’article explore les différentes initiatives que des administrations australiennes ont développé visant à améliorer l’accès à l’Internet par les membres de la collectivité. Il conclut qu’une plus grande attention au développement du capital humain des communautés de base est nécessaire et qu’en encourageant la participation des communautés mal desservies à la conception et au développement de l’e-gouvernement et au contenu des sites et des événements en ligne, l’e-gouvernement aura plus de chances d’améliorer l’inclusion sociale et économique. Sans quoi, l’on risque de creuser les fractures sociales et économiques, et les services gouvernementaux risquent de renoncer à améliorer leur efficacité et leur efficience.
520 ## - SUMMARY, ETC.
Summary, etc. Accessing e-government: challenges for citizens and organizationsThe Internet is becoming more integral to governments and their modes of doing business and delivering services. This is creating a new imperative to address the digital divide. In Australia, as shown in this article, citizens who are the biggest users of government services are the least likely to be connected to the internet. What can be done to connect the unconnected? The article explores what has been learned from some of the Australian initiatives for connecting the unconnected to online government services. It concludes that greater attention to community-based human capital development is needed. It gives examples of factors needed for success in building socially marginalized communities’interest, enthusiasm and capacity to interact and communicate via online technologies, thereby contributing to how successful e-government can be in delivering gains in efficiency and improved services.
700 10 - ADDED ENTRY--PERSONAL NAME
Personal name Daly, Anne
Relator term author
700 10 - ADDED ENTRY--PERSONAL NAME
Personal name Papandrea, Franco
Relator term author
700 10 - ADDED ENTRY--PERSONAL NAME
Personal name Maley, Maria
Relator term author
786 0# - DATA SOURCE ENTRY
Note Revue Internationale des Sciences Administratives | 71 | 1 | 2005-03-01 | p. 117-127 | 0303-965X
856 41 - ELECTRONIC LOCATION AND ACCESS
Uniform Resource Identifier <a href="https://droit.cairn.info/revue-internationale-des-sciences-administratives-2005-1-page-117?lang=fr&redirect-ssocas=7080">https://droit.cairn.info/revue-internationale-des-sciences-administratives-2005-1-page-117?lang=fr&redirect-ssocas=7080</a>

Pas d'exemplaire disponible.

PLUDOC

PLUDOC est la plateforme unique et centralisée de gestion des bibliothèques physiques et numériques de Guinée administré par le CEDUST. Elle est la plus grande base de données de ressources documentaires pour les Étudiants, Enseignants chercheurs et Chercheurs de Guinée.

Adresse

627 919 101/664 919 101

25 boulevard du commerce
Kaloum, Conakry, Guinée

Réseaux sociaux

Powered by Netsen Group @ 2025